000
00278pab a2200121 454500
008
180718b xxu||||| |||| 00| 0 eng d
100
_a
Mehta, Balraj
245
_a
The challenge of drought
650
_a
Drought
650
_a
Disasters
773
_a
Indian Express
909
_a
22578
999
_c
22578
_d
22578